000 00213nam a2200097Ia 4500
005 20251222114410.0
008 251222s1900||||xx |||||||||||||| ||spa||
082 _aDVD0120/B94/1991
245 0 _aRequiem:
942 _cDVD
999 _c1982
_d1982